Star Wars: Who Killed Who? - Statistics

General Stats
  • This quiz has been taken 757 times
  • The average score is 20 of 31
Answer Stats
Character Killed By % Correct
Qui-Gon Jinn Darth Maul
97%
Obi-Wan Kenobi Darth Vader
93%
General Grievous Obi-Wan Kenobi
92%
Count Dooku Darth Vader
91%
Mace Windu Emperor Palpatine
91%
Emperor Palpatine Darth Vader
90%
Han Solo Kylo Ren
87%
Darth Vader Emperor Palpatine
86%
Jabba the Hutt Princess Leia
86%
Greedo Han Solo
85%
Snoke Kylo Ren
82%
Jango Fett Mace Windu
80%
Emperor Palpatine Rey
80%
Kit Fisto Emperor Palpatine
68%
Captain Phasma Finn
68%
Nute Gunray Darth Vader
63%
Captain Antilles Darth Vader
60%
Zam Wesell Jango Fett
58%
Biggs Darklighter Darth Vader
57%
Grand Moff Tarkin Luke Skywalker
57%
Poggle the Lesser Darth Vader
52%
Wat Tambor Darth Vader
51%
Captain Needa Darth Vader
51%
Admiral Ozzel Darth Vader
50%
Coleman Trebor Jango Fett
42%
Kylo Ren Kylo Ren
42%
Commander Gree Yoda
37%
Lor San Tekka Kylo Ren
35%
Aayla Secura Commander Bly
26%
Nien Nunb Emperor Palpatine
25%
General Hux Admiral Pryde
13%
No matching quizzes found
Score Distribution
Percent of People with Each Score
Percentile by Number Answered
Your Score History
You have not taken this quiz